| 000 | 00448cam a22001457a 4500 | ||
|---|---|---|---|
| 008 | 180718b1960 xxu||||| |||| 00| 0 eng d | ||
| 082 | _aQ5x6982 T538 | ||
| 100 | _aTitmuss, Richard M. | ||
| 245 |
_aSocial politics and population growth in Mauritius _cby Richard M. Titmuss and Brian Abel-Smith |
||
| 260 |
_aLondon _bMethuen _c1960 |
||
| 300 | _a308p. | ||
| 650 | _aPopulation growth-Mauritius | ||
| 650 | _aPolitics | ||
| 700 | _aAbel-Smith, Brian | ||
| 999 |
_c433416 _d433416 |
||